000 01090pam a2200301 a 4500
001 3940682
003 OSt
005 20160810084803.0
008 930421s1994 mnua b 001 0 eng
010 _a 93004430
020 _a0314025294 (alk. paper)
040 _aDLC
_cDLC
_dDLC
050 0 0 _aHF5549
_b.M3349 1994
082 0 0 _a658.3
_220
100 1 _aMathis, Robert L.,
_d1944-
245 1 0 _aHuman resource management /
_cRobert L. Mathis, John H. Jackson.
250 _a7th ed.
260 _aMinneapolis :
_bWest Pub. Co.,
_cc1994.
300 _axxviii, 656 p. :
_bill. ;
_c26 cm.
500 _aUpdated ed. of: Personnel/human resource management. 6th ed. c1991.
504 _aIncludes bibliographical references and indexes.
650 0 _aPersonnel management.
700 1 _aJackson, John Harold.
700 1 _aMathis, Robert L.,
_d1944-
_tPersonnel/human resource management.
906 _a7
_bcbc
_corignew
_d1
_eocip
_f19
_gy-gencatlg
942 _2lcc
_cBOOKS
999 _c13116
_d13116